| 000 | 00622nam a22002052 4500 | ||
|---|---|---|---|
| 001 | 0000013084 | ||
| 005 | 20151217160129.0 | ||
| 008 | 090527s xx 000 0 eng d | ||
| 040 |
_aKABU _cKABU |
||
| 100 | 1 |
_aGallant, Roy A. _@0000009405 |
|
| 245 | 1 | 0 |
_aExploring the moon / _cRoy A. Gallant; illustrated by Lowell Hess. |
| 250 | _a1st ed. | ||
| 260 |
_aNew York : _bGarden City Books, _c1955. |
||
| 300 | _a63 p. | ||
| 650 | 0 |
_aMoon. _@0000170205 |
|
| 650 | 0 |
_aMoon _xPhotographs, maps, etc. _@0000170206 |
|
| 852 | 1 | _9p100 KES | |
| 908 | _a090527 | ||
| 950 | _@1 | ||
| 999 |
_c14687 _d14687 |
||